000
00204 a2200097 4500
001
3833
100
_a
Robinson, J.L
245
_a
Basic fluid mechanics
260
_a
_b
Mcgrawhill
_c
090
_c
3066
_d
3066
942
_a
NUST-CAE
_c
M
_c
22958
999
_c
238906
_d
238906